[Event "ROM-ch U08"]
[Site "Calimanesti Caciulata"]
[Date "2019.04.19"]
[Round "6"]
[White "Diaconu, Alexandru Andrei"]
[Black "Burlacu, Tudor Sebastian"]
[Result "1-0"]
[WhiteElo "1033"]
[BlackElo "1001"]
[PlyCount "55"]
[EventDate "2019.04.15"]
[EventType "swiss"]
[EventRounds "9"]
[EventCountry "ROU"]
[SourceTitle "CBM 190 Extra"]
[Source "ChessBase"]
[SourceDate "2019.07.15"]
[SourceVersion "1"]
[SourceVersionDate "2019.07.15"]
[SourceQuality "1"]

1. d4 e6 2. Nf3 Nf6 3. Bg5 h6 4. Bh4 Be7 5. c4 0-0 6. Nc3 Nh5 7. Bxe7 Qxe7 8. e3 d6 9. Be2 Bd7 10. Qc2 Nc6 11. 0-0 e5 12. Nxe5 dxe5 13. Bxh5 Nb4 14. Qb3 a5 15. Nd5 Nxd5 16. cxd5 a4 17. Qc2 Bb5 18. Rfb1 e4 19. a3 Bd3 20. Qd2 g6 21. Be2 Bxe2 22. Qxe2 Rfd8 23. Qb5 b6 24. b3 Ra5 25. Qc4 axb3 26. Qxb3 Rdxd5 27. a4 b5 28. Qxd5 1-0